000
00313nam a2200145Ia 4500
005
20251222152711.0
008
251222s9999||||xx |||||||||||||| ||spa||
020
_a
8485123794
082
_a
823.912/G77
100
_a
Graham, Winston
245
0
_a
Poldark
250
_a
1ra. ed.
264
_b
HMB
942
_c
LIB
999
_c
29218
_d
29218